The Code of civil procedure (Act V of 1908) Commentary (Record no. 478873)

000 -LEADER
fixed length control field 00952cam a2200301 a 4500
001 - CONTROL NUMBER
control field 3276776
003 - CONTROL NUMBER IDENTIFIER
control field NUST
005 - DATE AND TIME OF LATEST TRANSACTION
control field 20201113094358.0
008 - FIXED-LENGTH DATA ELEMENTS--GENERAL INFORMATION
fixed length control field 820427s1981 pk 000 0 eng
010 ## - LIBRARY OF CONGRESS CONTROL NUMBER
LC control number 81930816
020 ## - INTERNATIONAL STANDARD BOOK NUMBER
Terms of availability Rs165.00
038 ## - RECORD CONTENT LICENSOR
Staff Name 0
040 ## - CATALOGING SOURCE
Original cataloging agency DLC
Transcribing agency DLC
Modifying agency DLC
043 ## - GEOGRAPHIC AREA CODE
Geographic area code a-pk---
050 00 - LIBRARY OF CONGRESS CALL NUMBER
Classification number KPL3564.31908
Item number .A62 1981
082 00 - DEWEY DECIMAL CLASSIFICATION NUMBER
Classification number 347.549105
-- 345.491075
Edition number 19
100 0# - MAIN ENTRY--PERSONAL NAME
Personal name Aamer Raza A. Khan.
9 (RLIN) 12289
245 14 - TITLE STATEMENT
Title The Code of civil procedure (Act V of 1908) Commentary
Statement of responsibility, etc. commentary by Aamer Raza A. Khan.
250 ## - EDITION STATEMENT
Edition statement 12th ed.
260 ## - PUBLICATION, DISTRIBUTION, ETC.
Place of publication, distribution, etc. [S.l. :
Name of publisher, distributor, etc. s.n.],
Date of publication, distribution, etc. 2019
Place of manufacture (Lahore :
Manufacturer Ripon Print. Press)
300 ## - PHYSICAL DESCRIPTION
Extent xxiv, 1037 p. ;
Dimensions 25 cm.
500 ## - GENERAL NOTE
General note Hard Cover
650 #0 - SUBJECT ADDED ENTRY--TOPICAL TERM
Topical term or geographic name entry element Civil procedure
Geographic subdivision Pakistan.
9 (RLIN) 12290
710 12 - ADDED ENTRY--CORPORATE NAME
Corporate name or jurisdiction name as entry element Pakistan.
Title of a work Code of civil procedure, 1908.
Date of a work 1981.
9 (RLIN) 12291
906 ## - LOCAL DATA ELEMENT F, LDF (RLIN)
a 0
b cbc
c orignew
d 2
e ncip
f 19
g y-gencatlg
942 ## - ADDED ENTRY ELEMENTS (KOHA)
Source of classification or shelving scheme
Koha item type Book
Call number prefix 347.549105
Holdings
Withdrawn status Lost status Source of classification or shelving scheme Damaged status Not for loan Permanent Location Current Location Shelving location Date acquired Total Checkouts Full call number Barcode Checked out Date last seen Date last checked out Price effective from Koha item type Total Renewals Source of acquisition
          NUST Law School (NLS) NUST Law School (NLS) General Stacks 08/09/2018 1 347.549105 KHA 1995 NBSD-3026 05/30/2025 04/30/2025 04/30/2025 08/09/2018 Book    
          NUST Law School (NLS) NUST Law School (NLS)   11/20/2020 2 347.549105 KHA CL-428 05/11/2025 09/14/2024 09/14/2024 11/20/2020 Book 1  
          NUST Law School (NLS) NUST Law School (NLS) Law 12/01/2021 1 347.549105 KHA CL-855 10/14/2024 09/14/2024 09/14/2024 12/01/2021 Book 1 Pakistan Law House
          NUST Law School (NLS) NUST Law School (NLS) Law 12/01/2021 5 347.549105 KHA CL-856 10/19/2025 09/19/2025 09/19/2025 12/01/2021 Book 3 Pakistan Law House
          NUST Law School (NLS) NUST Law School (NLS) Law 12/01/2021 4 347.549105 KHA CL-857 10/19/2025 09/19/2025 09/19/2025 12/01/2021 Book 2 Pakistan Law House
© 2023 Central Library, National University of Sciences and Technology. All Rights Reserved.